Malaysia progress : tourism, trade & development progress

Bibliographic Details
Format: Book
Language:English
Published: Kuala Lumpur : Wong Kam Choon , 2010
Subjects:

MARC

LEADER 00000cam a2200000 7i4500
001 0000023133
005 20110713.0
008 110419s my a eng
022 |a 0128-9535 
090 0 0 |a HC497.M2   |b M35 2010 
245 0 0 |a Malaysia progress :   |b tourism, trade & development progress 
260 |a Kuala Lumpur :   |b Wong Kam Choon ,   |c 2010 
300 |a v. :   |b col.ill.c29cm 
500 |a Includes index 
650 0 |a Malaysia   |x Commerce 
650 0 |a Malaysia   |x Industries 
999 |a 0000021744   |b BOOK   |c Open Shelf   |e Default branch 
999 |a 0000023986   |b BOOK   |c Open Shelf   |e Default branch 
999 |a 0000024331   |b BOOK   |c Open Shelf   |e Default branch